Which Countries Do You Pass Through? #2 - Statistics

General Stats
  • This quiz has been taken 20 times
  • The average score is 36 of 44
Answer Stats
Route Answer % Correct
Washington D.C. - Vienna Austria
100%
Belgrade - Helsinki Finland
100%
Washington D.C. - Vienna Germany
100%
Washington D.C. - Vienna Ireland
100%
Washington D.C. - Vienna Netherlands
100%
Belgrade - Helsinki Serbia
100%
Washington D.C. - Vienna United Kingdom
100%
Washington D.C. - Vienna United States
100%
Washington D.C. - Vienna Canada
94%
Santiago - Nassau Chile
94%
Belgrade - Helsinki Estonia
94%
Mexico City - Panama City Honduras
94%
Mexico City - Panama City Honduras
94%
Belgrade - Helsinki Hungary
94%
Belgrade - Helsinki Latvia
94%
Belgrade - Helsinki Lithuania
94%
Mexico City - Panama City Mexico
94%
Mexico City - Panama City Nicaragua
94%
Mexico City - Panama City Panama
94%
Belgrade - Helsinki Poland
94%
Mexico City - Panama City El Salvador
88%
Mexico City - Panama City Guatemala
88%
Belgrade - Helsinki Slovakia
88%
Santiago - Nassau Bahamas
81%
Washington D.C. - Vienna Czech Republic
81%
Kampala - Phnom Penh Cambodia
75%
Santiago - Nassau Colombia
75%
Kampala - Phnom Penh India
75%
Santiago - Nassau Peru
75%
Kampala - Phnom Penh Thailand
75%
Luanda - Sana´a Angola
69%
Kampala - Phnom Penh Kenya
69%
Kampala - Phnom Penh Somalia
69%
Kampala - Phnom Penh Uganda
69%
Luanda - Sana´a Yemen
69%
Santiago - Nassau Cuba
63%
Santiago - Nassau Jamaica
63%
Kampala - Phnom Penh Myanmar
63%
Belgrade - Helsinki Romania
63%
Luanda - Sana´a DR Congo
56%
Luanda - Sana´a Eritrea
56%
Luanda - Sana´a Ethiopia
56%
Kampala - Phnom Penh Sri Lanka
56%
Luanda - Sana´a South Sudan
44%
No matching quizzes found
Score Distribution
Percent of People with Each Score
Percentile by Number Answered
Your Score History
You have not taken this quiz